=LDR 00000nam 2200000 4500 =001 INLIS000000000028906 =005 20130612131158 =008 ***********************************ind** =035 ##$$0010-061300000028906 =041 ##$$a ind =082 ##$$a 796.092 =090 ##$$a 796.092, Fit p =100 ##$$a Fitriani, Desi =245 ##$$a Profil sang juara, Desi Fitriani =260 ##$$a 1998 $b Jakarta =300 ##$$a 550 hlm, ilis, 25 cm =650 ##$$a Olah Raga-Indonesia =850 ##$$a NBPNMAT